01858nam a2200229Ia 450000500170000000800410001704000700005804100080012808200120013610000440014824201100019224500960030224600240039826001260042230000410054850004520058950502550104150600210129654600210131765100280133885602620136620150805083635.0130821s1661 ne fr 1 latsd aCo-BoUCMbspacSandra Yazo (modificó)dSandra Yazo (modificó)0 alat04a9372201 aSalustio, Cayo Crispod86-34 a. de J. C00aDe Cayo Crispo Salustio. Fragmentos de los antiguos historiadoresbRevisado por Rutgero Hermannides yspa10aC. Sallustius Crispus cum veterum historicorum fragmentisbRecensitus a Rutgero Hermannide 18aDe Salustio Judicia aAmstelodami [Ámsterdam] (Holanda)bApud Aegidium Jansson Valckenier [En los talleres de Egidio Jansson Valkenier]c1661 a[12], 310, [34] páginasc13 x 7 cm aDetalles físicos: Sin encuadernación original, actualmente encuadernación rígida (holandesa) en cartón forrado en papel. Lomo en tela, con letras doradas. Ejemplar mútilo, sin portadas. Texto inicia en la dedicatoria. Título del lomo tomado de los elogios iniciales. Título y datos de publicación confirmados en el catalogo de 1800. En dedicatoria Hardervici [Herderwüci=Harderwijk] en Holanda. Título del lomo es incorrecto.0 aLa guerra de Catilina ; La guerra de Yugurta ; Dos discursos a Cayo César sobre la reorganización de la república ; Discurso en honor a Marco Tulio Cicerón ; Fragmentos del antiguos historiadores ; Colección expresiones propias de Salustio aConsulta en sala aTexto en latín04aRoma (Italia)xHistoria41uhttps://books.google.com.co/books?id=UzZBAAAAcAAJ&pg=PT235&dq=C.+Sallustius+Crispus+cum+veterum+historicorum+fragmentis.&hl=es&sa=X&redir_esc=y#v=onepage&q=C.%20Sallustius%20Crispus%20cum%20veterum%20historicorum%20fragmentis.&f=falsezDisponible en línea